000 00484nam a2200181Ia 4500
005 20250326141625.0
008 250326s9999 xx 000 0 und d
037 _aTextbook
040 _aFMSL
_beng
_cFMSL
041 _aeng
_2eng
084 _aX:8 N1
_qFMSL
100 _aPrabhu N D
_9744795
245 0 _aExcellence through people: canbank
_cPrabhu N D
260 _aDelhi
_bDelhi, Konark
_c1991
300 _a199p
942 _cTB
_hX:8 N1
999 _c1291195
_d1291195